000 00619nam a22001937a 4500
003 BD-DhJNU
005 20250907045932.0
008 250907b |||||||| |||| 00| 0 eng d
020 _a9789843475398
040 _aBD-DhJNU
_bENG
_cBD-DhJNU
_dBD-DhJNU
082 _223
_a297.65
100 _aRazzaque, Rana
245 _aBengali muslims :
_bsocial and political thought 1918-1947 /
_cRana Razzaque
260 _aDhaka :
_bAsiatic Society of Bangladesh,
_c2019.
300 _axiii, 344 p. :
_c23 cm.
504 _aincludes bibliographical reference and index
650 _aMuslims political Activity
942 _2ddc
_cBK
_n0
999 _c2083
_d2083